LEADER 01350nam a22002774a 4500 001 000000115185 003 CaOOAMICUS 005 20090403120505.0 008 090403s2006 it u000 u ita r 020 $a88-598-0075-7 040 $aPUL$bita$dLDB 245 00$aCommento al codice dei contratti pubblici relativi a lavori, servizi e forniture :$bD.Lg. 12 aprile 2006, n. 163 /$cMario Sanino ; contributi di Andrea Abbamonte ... [et al.]. 260 $aTorino :$bUTET Giuridica,$cc2006. 300 $axxviii, 885 p. ;$c24 cm 490 1 $aIl diritto attuale 504 $aInclude riferimenti bibliografici 650 4$aContratti pubblici$zItalia.$0(OLS)http://pul/subject/34215 700 1 $aSanino, Mario.$0(OLS)http://pul/name/68375 700 1 $aAbbamonte, Andrea.$0(OLS)http://pul/name/42440 830 3$aIl diritto attuale.$0(OLS)http://pul/title/52374 850 $aPUL 852 $aPUL$W1$xSL Diritto e Scienze Sociali 3$y79$m300 A 17.52$j131887$qDDC 21$B130872$CPULBib$Z2$F130872 $H109838 $82 941 1 $a9 996 $6020$a88-598-0075-7$9(OLS)http://pul/number/140210 996 $6245$aCommento al codice dei contratti pubblici relativi a lavori, servizi e forniture :$bD.Lg. 12 aprile 2006, n. 163$9(OLS)http://pul/title/144751 996 $6260$aTorino :$bUTET Giuridica$9(OLS)http://pul/publisher/79191 LEADER 01452nam a2200349 a 4500 001 000000124200 003 CaOOAMICUS 005 20110203155141.0 008 110203t2010 it u000 u ita r 020 $a978-88-10-80937-2 040 $aPUL$bita 082 04$a612.82 110 1 $aFacoltą Teologica Pugliese.$0(OLS)http://pul/name/78407 245 10$aNeuroscienze e persona : interrogativi e percorsi etici /$ca cura di Luigi Renna. 260 $aBologna :$bEDB,$c©2010. 300 $a297 p. ;$c21 cm 490 1 $aPersona e psiche 504 $aBibliografia in nota. 650 4$aNeuroscienze.$0(OLS)http://pul/subject/35923 650 4$aBioetica.$0(OLS)http://pul/subject/2868 700 1 $aDiana, Massimo.$0(OLS)http://pul/name/77352 700 1 $aRenna, Luigi,$carcivescovo di Catania,$d1966-$0(OLS)http://pul/name/53911 830 0$aPersona e psiche.$0(OLS)http://pul/title/71869 850 $aPUL 852 $aPUL$W1$xSL Filosofia 3$y81$m128 RENLU 1$j143004$qDDC 21$B142022$CPULBib$Z2$F142022 $H115680 $81 941 1 $a9 961 $aPrecedente collocazione: 612. 82 RENLU 1 996 $6020$a978-88-10-80937-2$9(OLS)http://pul/number/146265 996 $6082$a612.82$9(OLS)http://pul/classification/1819 996 $6245$aNeuroscienze e persona : interrogativi e percorsi etici$9(OLS)http://pul/title/156568 996 $6260$aBologna :$bEDB$9(OLS)http://pul/publisher/56073